Az állami vállalatok gazdálkodását ellenórzó háló müködése.
Vytváranie kontrolnej siete u štátnych podnikov v Maďarsku. Princíp "štyroch očí", ktoré dozerajú na hospodárenie štátnych podnikov (od vedúcich až po verejné kontrolné inštitúcie). Kontrola štátnych podnikov z úrovne ministerstva. Úloha účtovníckej komory a štatistického úradu pri kontrole. Zásady...
Guardado en:
| Autor principal: | |
|---|---|
| Formato: | Capítulo de libro |
| Lenguaje: | húngaro |
| Materias: | |
| Etiquetas: |
Sin Etiquetas, Sea el primero en etiquetar este registro!
|
MARC
| LEADER | 00000naa a2200000 4500 | ||
|---|---|---|---|
| 001 | r008092 | ||
| 005 | 20221125114002.5 | ||
| 041 | 0 | |a hun | |
| 044 | |a HU | ||
| 245 | 1 | 0 | |a Az állami vállalatok gazdálkodását ellenórzó háló müködése. |c Gy. Horváth |
| 520 | |a Vytváranie kontrolnej siete u štátnych podnikov v Maďarsku. Princíp "štyroch očí", ktoré dozerajú na hospodárenie štátnych podnikov (od vedúcich až po verejné kontrolné inštitúcie). Kontrola štátnych podnikov z úrovne ministerstva. Úloha účtovníckej komory a štatistického úradu pri kontrole. Zásady finančnej kontroly (nezávislosť, úplnosť kontroly štátneho rozpočtu). Organizačné predpoklady vytvorenia siete. Metódy kontroly podnikov. | ||
| 610 | 2 | 0 | |a kontrola finančná |
| 610 | 2 | 0 | |a hospodárenie podnikové |
| 610 | 2 | 0 | |a podnik štátny |
| 610 | 2 | 0 | |a MR |
| 610 | 2 | 0 | |a kontrola podniková |
| 610 | 2 | 0 | |a úrady štatistické |
| 100 | 1 | |a Horváth, Gyula | |